banner koha

Survival and initial growth in the field of eucalyptus seedlings produced in different substrates (Registro n. 298791)

MARC details
000 -LÍDER
fixed length control field 04208nab a2200313 i 4500
003 - CÓDIGO MARC DA AGÊNCIA CATALOGADORA
Campo de controle BR-BrBNA
005 - DATA E HORA DA ÚLTIMA ATUALIZAÇÃO
Campo de controle 20240314132348.0
008 - CAMPO DE TAMANHO FIXO
fixed length control field 240314b2020 bl.ar|pooa||| 00| 0 eng |
040 ## - FONTE DA CATALOGAÇÃO
Agência catalogadora BR-BrBNA
Idioma da catalogação eng
072 ## - CATEGORIA AGRIS
Código AGRIS K10
Código do objeto 3240
100 ## - ENTRADA PRINCIPAL - NOME PESSOAL
Nome pessoal Stuepp, Carlos Andre
100 ## - ENTRADA PRINCIPAL - NOME PESSOAL
Nome pessoal Kratz, Dagma
100 ## - ENTRADA PRINCIPAL - NOME PESSOAL
Nome pessoal Gabira, Mônica Moreno
100 ## - ENTRADA PRINCIPAL - NOME PESSOAL
Nome pessoal Wendling, Ivar
245 ## - TÍTULO PRINCIPAL
Título principal Survival and initial growth in the field of eucalyptus seedlings produced in different substrates
500 ## - NOTA GERAL
Nota geral <br/>Publicação online; 28 ref.; 6 tables; Summaries (En, Pt)
942 ## - ADDED ENTRY ELEMENTS (KOHA)
Koha item type
520 ## - NOTA DE RESUMO
Nota de conteúdo <br/><br/>Abstract – The objective of this work was to evaluate the survival and initial<br/>growth, in the field, of eucalyptus seedlings produced in different substrates.<br/>Eucalyptus benthamii seedlings produced in 36 substrates were evaluated<br/>in the field. The substrates consisted of mixtures, at different volumetric<br/>proportions, of: carbonized rice husk, charcoal with granulometry between<br/>1.0–3.0 mm, charcoal with granulometry between 3.0–5.0 mm, coconut<br/>fiber, semi-decomposed pine bark, fine vermiculite, sewage sludge, and peat<br/>moss. At 1, 2, 3, 6, 12, 18, and 24 months after planting, survival, height, and<br/>diameter were determined. At 24 months after planting, height increment,<br/>diameter increment, transversal area, and basal area were also measured. The<br/>seedlings that showed 100% survival after 24 months under field conditions<br/>were those grown in the nursery in substrates with a higher proportion of<br/>fine vermiculite, sewage sludge, and peat moss, that is, in substrates with a<br/>higher microporosity. However, there is no effect of substrate characteristics<br/>on seedling initial growth in the field. A significant correlation is observed<br/>between the survival of seedlings at 6 months and their diameter at the end<br/>of the nursery period, evidencing the importance of this characteristic for the<br/>establishment of the plant in the field, regardless of the used substrate. <br/><br/><br/>Index terms: Eucalyptus benthamii, agricultural residues, forest seedling<br/>quality, seedling production, silviculture
520 ## - NOTA DE RESUMO
Nota de conteúdo <br/><br/>Resumo – O objetivo deste trabalho foi avaliar a sobrevivência e o crescimento<br/>inicial, no campo, de mudas de eucalipto produzidas em diferentes substratos.<br/>Mudas de Eucalyptus benthamii produzidas em 36 substratos foram avaliadas<br/>em campo. Os substratos consistiram em misturas, em diferentes proporções<br/>volumétricas, de: casca de arroz carbonizada, carvão com granulometria<br/>entre 1,0–3,0 mm, carvão com granulometria entre 3,0–5,0 mm, fibra de<br/>coco, casca de pinheiro semidecomposta, vermiculita fina, lodo de esgoto<br/>e turfa. Aos 1, 2, 3, 6, 12, 18 e 24 meses após o plantio, foram determinados<br/>sobrevivência, altura e diâmetro. Aos 24 meses após o plantio, também foram<br/>medidos incremento em altura, incremento em diâmetro, área transversal<br/>e área basal. As plântulas que apresentaram sobrevivência de 100% após<br/>24 meses em condições de campo foram aquelas cultivadas, no viveiro, em<br/>substratos com maior proporção de vermiculita fina, lodo de esgoto e turfa,<br/>ou seja, em substratos com maior microporosidade. No entanto, não há efeito<br/>das características do substrato no crescimento inicial das plântulas. Há<br/>correlação significativa entre a sobrevivência da plântula aos 6 meses de idade<br/>e seu diâmetro no final da fase de viveiro, o que ressalta a importância desta<br/>característica para o estabelecimento da planta em campo, independentemente<br/>do substrato utilizado. <br/><br/><br/>Termos para indexação: Eucalyptus benthamii, resíduos agrícolas, qualidade<br/>de mudas florestais, produção de mudas, silvicultura
650 ## - ASSUNTO - THESAGRO
Cabeçalho tópico ou nome geográfico EUCALÍPTO
650 ## - ASSUNTO - THESAGRO
Cabeçalho tópico ou nome geográfico MUDA
650 ## - ASSUNTO - THESAGRO
Cabeçalho tópico ou nome geográfico PRODUÇÃO
650 ## - ASSUNTO - THESAGRO
Cabeçalho tópico ou nome geográfico QUALIDADE
650 ## - ASSUNTO - THESAGRO
Cabeçalho tópico ou nome geográfico RESÍDUO AGRÍCOLA
650 ## - ASSUNTO - THESAGRO
Cabeçalho tópico ou nome geográfico SILVICULTURA
773 0# - ENTRADA ANALÍTICA
Host Biblionumber 920
Registro do item 25800
Imprenta Brasília-DF Empresa Brasileira de Pesquisa Agropecuária - EMBRAPA 1966-
Outro identificador 2023-436355
Título Pesquisa Agropecuária Brasileira (Brazil)
ISSN 0100-204X
Colação v. 55 p. 1-12; (2020)
Número de controle de registro BR2024000224
856 ## - ACESSO E ENDEREÇO ELETRÔNICO
Identificador uniforme de recurso - URI https://www.scielo.br/j/pab/a/LQHQ8DMZJy4DtrtNkgcfyzS/?format=pdf&lang=en

Nenhum exemplar disponível.

BINAGRI

Telefone: (61)3218-2567/2388/3357/2097 - binagri@agro.gov.br

Ministério da Agricultura e Pecuária , Esplanada dos Ministérios, Bloco D, Anexo B, Brasília/DF, CEP: 70.043-900